000 01127 a2200241 4500
001 124595
020 _a9780062381996
040 _cEscola Canadense de Niteroi
090 _aW3 - PFE
100 _aPfeffer, Wendy
245 1 0 _aWhat's it like to be a fish?
260 _aNew York
300 _a32 p.
_c9 x 0.3 x 7.8 inches
362 0 _a2015
490 0 _aLet's-read-and-find-out science
520 _aYou can't breathe underwater, but a fish can. You can't eat underwater, but a fish does it every day. Named a Best Children's Science Book of the Year by Science Books & Films, this Level 1 Let's-Read-and-Find-Out picture book explains how a fish's body is perfectly designed for life in water. Now rebranded with a new cover look, this classic picture book features graceful text that invites young readers to imagine what it's like to have gills, fins, and scales. Simple, fun diagrams help explain concepts like how fish use their gills to breathe underwater.
650 4 _aOceans and Seas
650 4 _aFish
650 4 _aMarine animals
650 4 _aNon-Fiction
650 4 _aOcean life
942 _cBK
999 _c124595
_d124595